[Event "Lvov Ukrainian Chess Warriors"]
[Site "Lvov"]
[Date "2024.03.15"]
[Round "2"]
[White "Podolskyi, Mykhailo"]
[Black "Serbin, Egor"]
[Result "1-0"]
[WhiteElo "2331"]
[BlackElo "1628"]
[PlyCount "121"]
[EventDate "2024.03.15"]
[EventType "swiss (rapid)"]
[EventRounds "8"]
[EventCountry "UKR"]
[SourceTitle "CB12_2024"]
[SourceDate "2023.10.01"]
[SourceVersion "1"]
[SourceVersionDate "2023.10.01"]
[SourceQuality "1"]

1. d4 Nf6 2. c4 g6 3. Nc3 Bg7 4. e4 d6 5. f3 0-0 6. Be3 e5 7. Nge2 exd4 8. Nxd4 Nc6 9. Qd2 Be6 10. Be2 Qe7 11. 0-0 Nd7 12. Rac1 Nxd4 13. Bxd4 Bxd4+ 14. Qxd4 Qf6 15. Qd2 Qg7 16. f4 f5 17. exf5 Rxf5 18. Bg4 Rf6 19. Bxe6+ Rxe6 20. Qd5 Rae8 21. Qxb7 Nc5 22. Qd5 c6 23. Qd2 Qf6 24. h3 Ne4 25. Nxe4 Rxe4 26. Rf2 Rd4 27. Qc3 c5 28. Rcf1 Qe6 29. b3 Qf5 30. Qa5 h5 31. Qxa7 Re3 32. Qa8+ Kf7 33. Qd8 Re6 34. Qd7+ Kg8 35. Qd8+ Kf7 36. Qh8 Re8 37. Qh7+ Kf6 38. Qb7 Re7 39. Qc6 Kg7 40. Kh2 Rd3 41. Rf3 Rd2 42. R1f2 Rd1 43. Rf1 Rd2 44. R3f2 Rd3 45. Qa8 Ree3 46. Rf3 Re7 47. Rxd3 Qxd3 48. Qf3 Re3 49. Qb7+ Kh6 50. Rf3 Qd2 51. Rxe3 Qxe3 52. Qf3 Qd2 53. a4 Qb4 54. Qe3 Qb8 55. a5 Kg7 56. a6 Qa7 57. Qc3+ Kf7 58. Qa5 Ke6 59. Qb5 Qf7 60. g3 Qf5 61. Qe8+ 1-0